| 000 | 00448nam a2200181Ia 4500 | ||
|---|---|---|---|
| 008 | 140313t2012 xxu||||| |||| 00| 0 sin d | ||
| 041 | _asin | ||
| 080 |
_a8-31 _bBRO |
||
| 100 | _aBronte,Charlotte | ||
| 245 | _aජේන් අයර් | ||
| 246 | _aJane Ayer | ||
| 260 |
_aAshirwada _aMeerigama _c2012 |
||
| 300 | _b471p, 21 cm | ||
| 700 |
_aWijerathne,N.P _etr. |
||
| 942 | _cBK | ||
| 999 |
_c42594 _d42594 |
||
| 003 | LK-CoDNM | ||
| 040 |
_aLK-CoDNM _dLK-CoDNM _eLK-CoDNM |
||